000 00356cam a22001097a 4500
008 180718b1973 xxu||||| |||| 00| 0 eng d
082 _aG5x54114 M699/1973
100 _aMizoram. Legislative Assembly Secretariat
245 _aRules of procedure and conduct of business in Mizoram Legislative Assembly
260 _aAizawl
_bThe author
_c1973
300 _a165+p
999 _c491042
_d491042